Visualizzazione normale
Vista MARC
- Accardo Salvatore
di Personal Name
Records bibliografici associati: 1
001 - CONTROL NUMBER
- control field: 22896
003 - CONTROL NUMBER IDENTIFIER
- control field: IT-RoPau
005 - DATE AND TIME OF LATEST TRANSACTION
- control field: 20140429150246.0
008 - FIXED-LENGTH DATA ELEMENTS
- fixed length control field: 140429|| aca||aabn | a|a d
040 ## - CATALOGING SOURCE
- Original cataloging agency: IT-RoPau
- Transcribing agency: IT-RoPau
100 ## - HEADING--PERSONAL NAME
- Personal name: Accardo Salvatore
- Miscellaneous information: Codice interprete SPICS: 10099
- Relator term: Interprete
670 ## - SOURCE DATA FOUND
- Source citation: Work cat.: (IT-RoPau)103306: Paganini Nicolò 22893, Concerto per vl e orch n 1 re magg op 6